Evaluación del ferrocemento como sistema constructivo alterno para vivienda en serie
Tallennettuna:
| Päätekijä: | |
|---|---|
| Aineistotyyppi: | Tuntematon |
| Julkaistu: |
[San José, Costa Rica]
1980
|
| Aiheet: | |
| Tagit: |
Lisää tagi
Ei tageja, Lisää ensimmäinen tagi!
|
MARC
| LEADER | 00000 a2200000 4500 | ||
|---|---|---|---|
| 003 | 001132 | ||
| 005 | 20221231143739.0 | ||
| 008 | 140114s1980 cr m 000 ||s d | ||
| 040 | |c cru CEDI | ||
| 090 | |a TFG 914 | ||
| 100 | |a Calvo Balma, Víctor |9 16103 | ||
| 245 | |a Evaluación del ferrocemento como sistema constructivo alterno para vivienda en serie | ||
| 260 | |c 1980 |a [San José, Costa Rica] | ||
| 300 | |a [82] hojas (algunas plegables) : ilustraciones ; 28 cm | ||
| 500 | |a Tesis (ingeniero civil)--Universidad de Costa Rica. | ||
| 650 | |x HORMIGON ARMADO |x MATERIALES DE CONSTRUCCION |x VIVIENDA |9 16104 | ||
| 942 | |c TFG | ||
| 999 | |c 11191 |d 11191 | ||
